Electrodynamics by Wolfgang Pauli (Record no. 1211767)
[ view plain ]
| 000 -LEADER | |
|---|---|
| fixed length control field | 01076nam a2200313Ia 4500 |
| 003 - CONTROL NUMBER IDENTIFIER | |
| control field | OSt |
| 005 - DATE AND TIME OF LATEST TRANSACTION | |
| control field | 20221007123351.0 |
| 008 - FIXED-LENGTH DATA ELEMENTS--GENERAL INFORMATION | |
| fixed length control field | 221006b |||||||| |||| 00| 0 eng d |
| 020 ## - INTERNATIONAL STANDARD BOOK NUMBER | |
| International Standard Book Number | 0486414570 (pbk) |
| -- | 7.95 |
| 037 ## - SOURCE OF ACQUISITION | |
| Terms of availability | Textual |
| 040 ## - CATALOGING SOURCE | |
| Original cataloging agency | PAPL |
| Transcribing agency | PAPL |
| Language of cataloging | eng |
| 041 ## - LANGUAGE CODE | |
| Source of code | eng |
| Language code of text/sound track or separate title | eng |
| 100 ## - MAIN ENTRY--PERSONAL NAME | |
| Personal name | Pauli Wolfgang |
| 245 #0 - TITLE STATEMENT | |
| Title | Electrodynamics by Wolfgang Pauli |
| 260 ## - PUBLICATION, DISTRIBUTION, ETC. | |
| Place of publication, distribution, etc. | New |
| Name of publisher, distributor, etc. | York Dover Pub. Inc. |
| Date of publication, distribution, etc. | 1973 |
| 300 ## - PHYSICAL DESCRIPTION | |
| Extent | x, 160p |
| Dimensions | cm. |
| 490 ## - SERIES STATEMENT | |
| Series statement | Pauli lectures on physics; 1 |
| 500 ## - GENERAL NOTE | |
| General note | Bibliography 153-154p; Appendix 155-156p; Index 157-160p; ^n23/CSL/CARPA/2002-03/439^d2002-10-30^mPurchase; ; 2002-03/533^b2002-12-16^cSBA/6706^d2002-12-09^eRs.3,467.00^fStandard Book Agency; ; 2003-01-24^bSB^c2003-10-04^dJindal |
| 650 ## - SUBJECT ADDED ENTRY--TOPICAL TERM | |
| Topical term or geographic name entry element | Dynamics |
| 9 (RLIN) | 453975 |
| 650 ## - SUBJECT ADDED ENTRY--TOPICAL TERM | |
| Topical term or geographic name entry element | Electricity |
| 9 (RLIN) | 264331 |
| 650 ## - SUBJECT ADDED ENTRY--TOPICAL TERM | |
| Topical term or geographic name entry element | Mechanics |
| 650 ## - SUBJECT ADDED ENTRY--TOPICAL TERM | |
| Topical term or geographic name entry element | Physics |
| 942 ## - ADDED ENTRY ELEMENTS (KOHA) | |
| Classification part | C6:(B7:3), L3 |
| Koha item type | Textual |
| Source of classification or shelving scheme | Colon Classification (CC) |
| Withdrawn status | Lost status | Source of classification or shelving scheme | Damaged status | Not for loan | Home library | Current library | Date acquired | Source of acquisition | Total Checkouts | Full call number | Barcode | Date last seen | Price effective from | Koha item type |
|---|---|---|---|---|---|---|---|---|---|---|---|---|---|---|
| Colon Classification (CC) | Department of Physics and Astrophysics Library | Department of Physics and Astrophysics Library | 2022-10-07 | Standard, | C6:(B7:3) L3 | PA0005342 | 2022-10-07 | 2022-10-07 | Textual |
